000 00351 a2200109 4500
001 ART_19185
005 20260410161921.0
008 260409a
245 1 0 _aSanciones administrativas en materia de control societario
100 1 _aMascheroni, Fernando H.
773 0 _tLa información
_g- Tomo XXXIX, Nº 592 (abr. 1979)
_wREV14902
999 _c27693
_d27693